Normal view
MARC view
Entry Topical Term
001 - CONTROL NUMBER
- control field: 1783
003 - CONTROL NUMBER IDENTIFIER
- control field: OSt
005 - DATE AND TIME OF LATEST TRANSACTION
- control field: 20141105123706.0
008 - FIXED-LENGTH DATA ELEMENTS
- fixed length control field: 141105|| aca||aabn | a|a d
040 ## - CATALOGING SOURCE
- Original cataloging agency: OSt
- Transcribing agency: OSt
150 ## - HEADING--TOPICAL TERM
- Topical term or geographic name entry element: Cancer
- General subdivision: Palliative treatment.
670 ## - SOURCE DATA FOUND
- Source citation: Work cat.: (OSt)680: Waller, Alexander. 1782, Handbook of palliative care in cancer /, c1996.
